Mala praxis médica. (Registro nro. 2174)

Detalles MARC
000 -LEADER
fixed length control field 00992nam a2200265 a 4500
005 - FECHA ULTIMA MODIFICACION
control field 20240506133040.0
008 - CAMPO DE CONTROL (LIBRO)
fixed length control field 100702t1995||||ag f |||| 00| 0 spa d
020 ## - INTERNATIONAL STANDARD BOOK NUMBER
ISBN 950925004X
041 ## - CODIGO DE IDIOMA
Código de idioma del texto/pista de sonido o título separado spa
092 ## - SIGNATURA TOPOGRAFICA DEWEY LOCAL
número de clasificación 346.033
libristica 51
sección MED
100 1# - ENTRADA PRINCIPAL--NOMBRE PERSONAL
Nombre personal Medone, Alberto
9 (RLIN) 3031
245 ## - TITULO PROPIAMENTE DICHO
Título Mala praxis médica.
Subtítulo y Título paralelo Efectos y prevención /
Mención de responsabilidad y remanente de la transcripción de la portada Alberto Medone
250 ## - MENCION DE EDICION
Mención de edición 1a ed.
260 ## - PIE DE IMPRENTA
Lugar de publicación, distribución, etc Buenos Aires:
Nombre de la editorial, distribuidor, etc La Prensa Medica Argentina;
Fecha de publicación 1995.
300 ## - DESCRIPCION FISICA
Extension 102 p.
500 ## - NOTA GENERAL
Nota general Medone, A. y Califano, J. E. (1995). Mala praxis médica. Efectos y prevención. (1a ed.). Buenos Aires : La Prensa Médica Argentina.
653 ## - TÉRMINO INDIZADO - PALABRAS CLAVES
Palabra clave Responsabilidad civil. El derecho como ordenamiento
653 ## - TÉRMINO INDIZADO - PALABRAS CLAVES
Palabra clave Vínculo jurídico entre médico y paciente
653 ## - TÉRMINO INDIZADO - PALABRAS CLAVES
Palabra clave Deberes del médico. La historia clínica
653 ## - TÉRMINO INDIZADO - PALABRAS CLAVES
Palabra clave Razones del incremento de los juicios
653 ## - TÉRMINO INDIZADO - PALABRAS CLAVES
Palabra clave Anatomía y fisiología del juicio
653 #3 - TÉRMINO INDIZADO - PALABRAS CLAVES
Palabra clave La respuesta del médico
700 1# - ENTRADAS SECUNDARIAS - NOMBRE PERSONAL
Nombre personal Califano, Jorge E.
9 (RLIN) 226
942 ## - ADDED ENTRY ELEMENTS (KOHA)
Source of classification or shelving scheme Dewey Decimal Classification
Item type Libros
Existencias
Estado de retiro Existencia Fuente de clasificación Estado general No para prestamo Ubicación permanente ubicación actual Sala de ubicación Fecha de adquisición Fuente de adquisición Total Checkouts Número de clasificación Código de barras Date last seen Número de ejemplar Price effective from Koha tipo de elemento (item) Public note
    Dewey Decimal Classification     Biblioteca Medicina Biblioteca Medicina Circulación 01/07/2015 Donación Manuel Ciruzzi, Junio 2015   346.033 51 MED 3500 01/07/2015 Ej.1 01/07/2015 Libros Donación Manuel Ciruzzi, Junio 2015
    Dewey Decimal Classification     Biblioteca Medicina Biblioteca Medicina Circulación 28/10/2015 Donación del Doctor Buzeki Horacio.   346.033 51 MED 3622 28/10/2015 Ej.2 28/10/2015 Libros Donación del Doctor Buzeki Horacio.

UNIVERSIDAD NACIONAL DEL COMAHUE
Biblioteca de la Facultad de Ciencias Médicas
Sede Toschi: Los Arrayanes y Av. Toschi, Cipolletti  - Rio Negro
Sede Los Tordos:  Yrigoyen al 2211, Cipolletti - Rio Negro 

Teléfono: 0299 - 4774707 int 25
Contacto: biblioteca@facimed.uncoma.edu.ar
© 2011 - 2026